[Event "SWE-chB"]
[Site "Sunne"]
[Date "2015.07.19"]
[Round "9.2"]
[White "Frisk, Ellinor"]
[Black "Arman, Deniz"]
[Result "0-1"]
[WhiteElo "2232"]
[BlackElo "2306"]
[PlyCount "80"]
[EventDate "2015.07.11"]
[EventType "tourn"]
[EventRounds "9"]
[EventCountry "SWE"]
[EventCategory "3"]
[SourceTitle "CBM 167 Extra"]
[Source "ChessBase"]
[SourceDate "2015.09.14"]
[SourceVersion "1"]
[SourceVersionDate "2015.09.14"]
[SourceQuality "1"]
1. c4 e5 2. Nc3 Nf6 3. Nf3 d6 4. g3 c6 5. Bg2 h6 6. O-O Be6 7. b3 Nbd7 8. d4 e4
9. Ne1 d5 10. cxd5 cxd5 11. f3 Rc8 12. Bb2 Bb4 13. Rc1 exf3 14. exf3 O-O 15.
Nd3 Bd6 16. Qd2 Bf5 17. Nb5 Rxc1 18. Rxc1 Bb8 19. Ba3 Re8 20. Nd6 Bxd6 21. Bxd6
Qb6 22. Bc5 Nxc5 23. dxc5 Qa6 24. Bf1 Bxd3 25. Bxd3 Qa3 26. Bf1 Rc8 27. Qc3 d4
28. Qc4 Nd5 29. Re1 Ne3 30. Qb5 Qxc5 31. Qxb7 Qc3 32. Qd7 Rc5 33. Kf2 Qb2+ 34.
Re2 Qa1 35. Bh3 Rc1 36. g4 Rf1+ 37. Kg3 Rg1+ 38. Kf4 g5+ 39. Ke5 d3+ 40. Ke4
dxe2 0-1

[Event "SWE-chB"]
[Site "Sunne"]
[Date "2015.07.19"]
[Round "9.4"]
[White "Olund, Joar"]
[Black "Rydstrom, Tom"]
[Result "1-0"]
[WhiteElo "2328"]
[BlackElo "2346"]
[PlyCount "147"]
[EventDate "2015.07.11"]
[EventType "tourn"]
[EventRounds "9"]
[EventCountry "SWE"]
[EventCategory "3"]
[SourceTitle "CBM 167 Extra"]
[Source "ChessBase"]
[SourceDate "2015.09.14"]
[SourceVersion "1"]
[SourceVersionDate "2015.09.14"]
[SourceQuality "1"]
1. d4 d5 2. Bg5 c6 3. Nf3 h6 4. Bh4 Qb6 5. Qc1 Bf5 6. e3 Nd7 7. c4 Ngf6 8. Nc3
e6 9. Be2 Be7 10. h3 Qd8 11. Bg3 O-O 12. c5 a5 13. O-O b6 14. cxb6 Qxb6 15. Na4
Qb4 16. Qxc6 Rfc8 17. Qb5 Rc2 18. a3 Qxb5 19. Bxb5 Kf8 20. Ne1 Rcc8 21. f3 Ra7
22. Nd3 Bxd3 23. Bxd3 Ne8 24. Rfc1 Rxc1+ 25. Rxc1 Bd6 26. Be1 Ke7 27. Bb5 Bc7
28. Kf1 Nd6 29. Bd3 Bd8 30. Rc2 Ra8 31. Bg3 Ra7 32. Rc6 Bc7 33. Ke2 Rb7 34. Kd1
Nb8 35. Rc2 Nc4 36. Bf2 Nd6 37. Be1 Nd7 38. g4 Kd8 39. Rc3 e5 40. dxe5 Nxe5 41.
Ba6 Ra7 42. Be2 Rb7 43. Rc5 Nec4 44. Bxc4 Nxc4 45. Rxd5+ Ke7 46. Rc5 Nxe3+ 47.
Ke2 Ng2 48. Bxa5 Nf4+ 49. Ke3 Bd6 50. Bb4 f6 51. Rf5 Nxh3 52. Bxd6+ Kxd6 53.
Kd3 Ng5 54. Kc4 Ke7 55. b4 g6 56. Rf4 Ra7 57. Kb3 Rd7 58. Nc5 Rd1 59. a4 h5 60.
gxh5 gxh5 61. a5 h4 62. Rxh4 Nxf3 63. Rh7+ Kd8 64. a6 Nd4+ 65. Kc4 Nc6 66. b5
Ne5+ 67. Kc3 Rc1+ 68. Kd2 Rxc5 69. a7 Nc4+ 70. Kc3 Nb6+ 71. Kb4 Rc7 72. Ka5 Na8
73. Rh8+ Kd7 74. Rxa8 1-0

[Event "SWE-chB"]
[Site "Sunne"]
[Date "2015.07.19"]
[Round "9.5"]
[White "Lind, Jan Olov"]
[Black "Andersson, Tommy"]
[Result "0-1"]
[WhiteElo "2249"]
[BlackElo "2387"]
[PlyCount "238"]
[EventDate "2015.07.11"]
[EventType "tourn"]
[EventRounds "9"]
[EventCountry "SWE"]
[EventCategory "3"]
[SourceTitle "CBM 167 Extra"]
[Source "ChessBase"]
[SourceDate "2015.09.14"]
[SourceVersion "1"]
[SourceVersionDate "2015.09.14"]
[SourceQuality "1"]
1. e4 c5 2. Nf3 d6 3. d3 Nc6 4. g3 g6 5. Bg2 Bg7 6. O-O e6 7. c3 Nge7 8. d4 O-O
9. dxc5 dxc5 10. Qe2 e5 11. Rd1 Qc7 12. Na3 b6 13. Nb5 Qb8 14. Nd6 h6 15. Nxc8
Qxc8 16. Nd2 Qe6 17. Bf1 Rad8 18. Re1 Na5 19. Qb5 Rd7 20. a3 Rfd8 21. b4 Nb7
22. Nc4 Nc8 23. Qa6 Qg4 24. Ne3 Qe6 25. Bc4 Qc6 26. Bb5 Qxe4 27. Bxd7 Rxd7 28.
bxc5 bxc5 29. Ng2 Qf3 30. Be3 Rd6 31. Qb5 Nb6 32. Nh4 Qg4 33. Qe8+ Bf8 34. Qxe5
Nc4 35. Qf4 Nxe3 36. fxe3 Qe6 37. Qf3 Na5 38. Rad1 Nc4 39. Rxd6 Bxd6 40. Qa8+
Kg7 41. a4 Qe5 42. Ng2 a5 43. Rc1 Be7 44. Qe8 Qd6 45. Rf1 Bf6 46. Nf4 Qd2 47.
Qc6 Qxe3+ 48. Kh1 Bxc3 49. Nxg6 Qd3 50. Qf3 Qxf3+ 51. Rxf3 Bb4 52. Nh4 Nb2 53.
Nf5+ Kh7 54. Ne3 Kg6 55. Rf4 Nxa4 56. Nc4 f5 57. Nxa5 Nc3 58. Nc4 Nd5 59. Rf3
f4 60. Rd3 Nf6 61. gxf4 Kf5 62. Rd6 Bc3 63. Rc6 Bd4 64. Nd6+ Kxf4 65. Nb7 Ne4
66. Rxh6 c4 67. Rh4+ Ke3 68. Na5 c3 69. Nc4+ Kd3 70. Na3 Bc5 71. Rh3+ Ke2 72.
Rh4 Nf2+ 73. Kg2 Bxa3 74. Rc4 Nd1 75. Rc6 Kd3 76. Kf3 Be7 77. Rc7 Bf6 78. Rc6
c2 79. Rxc2 Kxc2 80. Kg4 Ne3+ 81. Kh5 Kd3 82. Kg6 Bd8 83. Kf7 Bh4 84. Kg6 Ke4
85. h3 Kf4 86. Kh5 Bd8 87. Kg6 Kg3 88. Kf7 Bg5 89. Ke6 Kxh3 90. Ke5 Kg4 91. Ke4
Bf4 92. Kd3 Kf5 93. Kd4 Bg5 94. Kd3 Ke5 95. Kc3 Kd5 96. Kd3 Nc4 97. Kc3 Bf6+
98. Kd3 Bd4 99. Kc2 Ne5 100. Kb3 Nd3 101. Kc2 Kc4 102. Kd1 Nf4 103. Kd2 Bf2
104. Kd1 Kc3 105. Kc1 Ne6 106. Kd1 Nd4 107. Kc1 Nc2 108. Kd1 Kd3 109. Kc1 Bd4
110. Kd1 Bc3 111. Kc1 Ne3 112. Kb1 Kc4 113. Ka2 Kb4 114. Kb1 Kb3 115. Kc1 Bb4
116. Kb1 Bd2 117. Ka1 Nc2+ 118. Kb1 Na3+ 119. Ka1 Bc3# 0-1

[Event "SWE-chB"]
[Site "Sunne"]
[Date "2015.07.19"]
[Round "9.1"]
[White "Lundin, Jan"]
[Black "Lindgren, Philip"]
[Result "1/2-1/2"]
[WhiteElo "2245"]
[BlackElo "2413"]
[PlyCount "81"]
[EventDate "2015.07.11"]
[EventType "tourn"]
[EventRounds "9"]
[EventCountry "SWE"]
[EventCategory "3"]
[SourceTitle "CBM 167 Extra"]
[Source "ChessBase"]
[SourceDate "2015.09.14"]
[SourceVersion "1"]
[SourceVersionDate "2015.09.14"]
[SourceQuality "1"]
1. e4 d6 2. d4 Nf6 3. Nc3 g6 4. Nf3 Bg7 5. h3 O-O 6. Be3 c6 7. a4 Qa5 8. Nd2
Qc7 9. Qf3 Nbd7 10. Be2 b6 11. O-O Bb7 12. Rad1 a6 13. Qg3 b5 14. Qh4 e5 15.
dxe5 dxe5 16. Bd3 Rfe8 17. f4 exf4 18. Rxf4 b4 19. Ne2 Nd5 20. exd5 Rxe3 21.
Nc4 Ree8 22. d6 Qd8 23. Qf2 f5 24. a5 c5 25. Kh1 Bh6 26. Rxf5 gxf5 27. Qxf5 Nf8
28. Ne5 Qg5 29. Qf7+ Kh8 30. Qxb7 Qxe5 31. Rf1 Bg7 32. Rf7 Rad8 33. Re7 Qxb2
34. Qe4 Qa1+ 35. Ng1 Qa4 36. Qg4 Ng6 37. Bxg6 hxg6 38. Qh4+ Kg8 39. Qc4+ Kh7
40. Qh4+ Kg8 41. Qc4+ 1/2-1/2

[Event "SWE-chB"]
[Site "Sunne"]
[Date "2015.07.19"]
[Round "9.3"]
[White "Ziegler, Ari"]
[Black "Wiedenkeller, Michael"]
[Result "0-1"]
[WhiteElo "2289"]
[BlackElo "2461"]
[PlyCount "92"]
[EventDate "2015.07.11"]
[EventType "tourn"]
[EventRounds "9"]
[EventCountry "SWE"]
[EventCategory "3"]
[SourceTitle "CBM 167 Extra"]
[Source "ChessBase"]
[SourceDate "2015.09.14"]
[SourceVersion "1"]
[SourceVersionDate "2015.09.14"]
[SourceQuality "1"]
1. d4 d5 2. c4 dxc4 3. Nf3 Nf6 4. e3 e6 5. Bxc4 c5 6. O-O a6 7. Bb3 b5 8. a4 c4
9. Bc2 Bb7 10. b3 cxb3 11. Bxb3 Nbd7 12. Qe2 Be7 13. Nbd2 O-O 14. e4 Qb6 15. e5
Nd5 16. Ne4 Rfc8 17. Rb1 b4 18. Rd1 Qc6 19. Re1 a5 20. Qd1 N7b6 21. Bg5 Bf8 22.
Rc1 Nc3 23. Nxc3 bxc3 24. Bc2 Nd5 25. Be4 Qd7 26. h4 h6 27. Be3 Nb4 28. Bxb7
Qxb7 29. Nh2 c2 30. Qg4 Kh8 31. Qh5 Nd3 32. Nf3 Nxe1 33. Nxe1 Rc4 34. Kh2 Rac8
35. Nf3 Rxa4 36. Bg5 Kg8 37. Qg4 Kh7 38. Be3 Rb4 39. Nd2 Rb1 40. Ne4 Rxc1 41.
Bxc1 Be7 42. Qf4 Kg8 43. h5 Qd5 44. f3 Rc4 45. Be3 a4 46. Qg3 c1=Q 0-1

[Event "SWE-chB"]
[Site "Sunne"]
[Date "2015.07.18"]
[Round "8.5"]
[White "Rydstrom, Tom"]
[Black "Lind, Jan Olov"]
[Result "1/2-1/2"]
[WhiteElo "2346"]
[BlackElo "2249"]
[PlyCount "160"]
[EventDate "2015.07.11"]
[EventType "tourn"]
[EventRounds "9"]
[EventCountry "SWE"]
[EventCategory "3"]
[SourceTitle "CBM 167 Extra"]
[Source "ChessBase"]
[SourceDate "2015.09.14"]
[SourceVersion "1"]
[SourceVersionDate "2015.09.14"]
[SourceQuality "1"]
1. d4 Nf6 2. Nc3 d5 3. Bf4 e6 4. e3 Bd6 5. Nf3 O-O 6. Bd3 Bxf4 7. exf4 c5 8.
dxc5 Qa5 9. O-O Qb4 10. Nb5 Na6 11. g3 Qxc5 12. c3 Nc7 13. Nbd4 b5 14. Qe2 Rb8
15. Ne5 a6 16. Rfe1 Nce8 17. g4 Rb6 18. Qe3 Nd6 19. Qh3 g6 20. Qh6 Nc4 21. g5
Nh5 22. Ng4 f5 23. gxf6 Nxf6 24. Bxg6 Qc7 25. Nxf6+ Rxf6 26. Bxh7+ Kf7 27. Bg8+
Kxg8 28. Qxf6 e5 29. Qg5+ Kh7 30. f5 Qg7 31. Qxg7+ Kxg7 32. Nf3 e4 33. b3 Nb2
34. Nd4 Kf6 35. Re3 Nd3 36. f3 b4 37. fxe4 dxe4 38. cxb4 Ke5 39. Ne2 Bxf5 40.
Ng3 Rxb4 41. Rxd3 exd3 42. Re1+ Kd4 43. Nxf5+ Kc3 44. Rc1+ Kb2 45. Rd1 Rg4+ 46.
Kf2 Rf4+ 47. Ke3 Rxf5 48. Rd2+ Ka3 49. Kxd3 Rf3+ 50. Ke4 Rh3 51. Kf4 Rh8 52.
Ke4 a5 53. Kf4 Rf8+ 54. Kg3 Rg8+ 55. Kf2 Rh8 56. Ke1 a4 57. bxa4 Kxa4 58. Rd4+
Ka3 59. h4 Kxa2 60. Kf2 Kb3 61. Kg3 Kc3 62. Rd5 Kc4 63. Rd6 Kc5 64. Rg6 Kd5 65.
Kg4 Ke5 66. h5 Ra8 67. Kg5 Rb8 68. h6 Rb1 69. Rg7 Ke6 70. Kg6 Rg1+ 71. Kh7 Rh1
72. Rg2 Kf7 73. Rf2+ Ke7 74. Kg7 Rg1+ 75. Kh8 Rh1 76. h7 Rg1 77. Ra2 Kf7 78.
Ra8 Rg2 79. Rg8 Rf2 80. Rf8+ Kxf8 1/2-1/2

[Event "SWE-chB"]
[Site "Sunne"]
[Date "2015.07.18"]
[Round "8.1"]
[White "Lindgren, Philip"]
[Black "Frisk, Ellinor"]
[Result "0-1"]
[WhiteElo "2413"]
[BlackElo "2232"]
[PlyCount "246"]
[EventDate "2015.07.11"]
[EventType "tourn"]
[EventRounds "9"]
[EventCountry "SWE"]
[EventCategory "3"]
[SourceTitle "CBM 167 Extra"]
[Source "ChessBase"]
[SourceDate "2015.09.14"]
[SourceVersion "1"]
[SourceVersionDate "2015.09.14"]
[SourceQuality "1"]
1. c4 e5 2. g3 c6 3. d4 e4 4. Bg2 d5 5. Nc3 Bb4 6. Qb3 Ba5 7. cxd5 cxd5 8. f3
Nf6 9. Bg5 Nbd7 10. fxe4 dxe4 11. Bxe4 Bxc3+ 12. bxc3 Qa5 13. Bxf6 Nxf6 14. Bd3
O-O 15. Nf3 Bh3 16. Kd2 Rac8 17. Rhe1 Nd5 18. Rac1 Be6 19. Qb5 Qxa2+ 20. Rc2
Qa3 21. Rec1 Qe7 22. e4 a6 23. Qa5 b6 24. Qxa6 Bg4 25. Qb5 Rfd8 26. Rf1 Qf6 27.
exd5 Bxf3 28. c4 Qh6+ 29. Kc3 Bxd5 30. Rf5 Be4 31. Re5 Bxd3 32. Kxd3 Qg6+ 33.
Kc3 Qd6 34. Rd2 Qa3+ 35. Qb3 Qa1+ 36. Qb2 Qf1 37. Rde2 Qf3+ 38. R2e3 Qf1 39.
Qb5 Qc1+ 40. Kb3 Qb1+ 41. Kc3 Qc1+ 42. Kb3 Qd1+ 43. Kb4 Qd2+ 44. Kb3 Rf8 45.
Re8 Qxd4 46. R3e7 Qd3+ 47. Kb2 Qd4+ 48. Kb3 Rd8 49. Rxd8 Qxd8 50. Qd7 Qa8 51.
Qb7 Qa1 52. Qc6 Qb1+ 53. Kc3 Qc1+ 54. Kb3 Qb1+ 55. Kc3 g6 56. Re8 Qa1+ 57. Kb3
Qa5 58. Kc2 Rxe8 59. Qxe8+ Kg7 60. Kd3 Qc5 61. Qd7 Kf6 62. Qd8+ Ke6 63. Qe8+
Qe7 64. Qh8 Qd6+ 65. Kc2 Qc5 66. Qe8+ Kf6 67. Qd8+ Ke5 68. Kb3 f5 69. Qh8+ Ke4
70. Qxh7 Qe3+ 71. Kb4 Qd2+ 72. Kb3 Qd3+ 73. Kb4 Qb1+ 74. Kc3 Qa1+ 75. Kb3 Qd1+
76. Kb4 Qd6+ 77. Kb3 Kd3 78. Qf7 Ke4 79. Qb7+ Ke3 80. Qd5 Qc5 81. Qe6+ Kd4 82.
h4 Kd3 83. Qd5+ Ke2 84. Qg2+ Qf2 85. Qh3 Qf1 86. Qh2+ Kf3 87. h5 gxh5 88. Qxh5+
Kxg3 89. Qg6+ Kh2 90. Kb4 Qb1+ 91. Ka4 Qa2+ 92. Kb5 Qb3+ 93. Kc6 Qxc4+ 94. Kxb6
Qd4+ 95. Kc7 f4 96. Qh5+ Kg3 97. Qg5+ Kf2 98. Qh4+ Ke2 99. Qg4+ Kd3 100. Qd1+
Ke4 101. Qh1+ f3 102. Kc8 Qc3+ 103. Kb8 Ke3 104. Qh6+ Ke2 105. Qe6+ Qe3 106.
Qc4+ Qd3 107. Qa2+ Ke1 108. Qa1+ Kd2 109. Qb2+ Ke3 110. Qe5+ Qe4 111. Qc3+ Ke2
112. Qb2+ Kf1 113. Qc1+ Kg2 114. Qg5+ Kh3 115. Qh5+ Kg3 116. Qg5+ Qg4 117. Qd5
Qf4+ 118. Ka7 f2 119. Qd3+ Kg2 120. Qg6+ Qg3 121. Qe4+ Kh2 122. Qc4 Qg7+ 123.
Ka8 Qf8+ 0-1

[Event "SWE-chB"]
[Site "Sunne"]
[Date "2015.07.18"]
[Round "8.4"]
[White "Andersson, Tommy"]
[Black "Ziegler, Ari"]
[Result "0-1"]
[WhiteElo "2387"]
[BlackElo "2289"]
[PlyCount "120"]
[EventDate "2015.07.11"]
[EventType "tourn"]
[EventRounds "9"]
[EventCountry "SWE"]
[EventCategory "3"]
[SourceTitle "CBM 167 Extra"]
[Source "ChessBase"]
[SourceDate "2015.09.14"]
[SourceVersion "1"]
[SourceVersionDate "2015.09.14"]
[SourceQuality "1"]
1. d4 Nf6 2. Nf3 g6 3. g3 Bg7 4. Bg2 O-O 5. O-O d6 6. b3 c6 7. Bb2 Qa5 8. h3
Ne4 9. Nfd2 Ng5 10. Nc4 Qc7 11. h4 Ne6 12. a4 Nd7 13. e3 d5 14. Ncd2 Nf6 15. c4
Rd8 16. Nc3 dxc4 17. bxc4 Nf8 18. a5 Bg4 19. Qc2 Rac8 20. Nb3 N8d7 21. a6 b6
22. c5 bxc5 23. dxc5 Ne5 24. Nd4 Rb8 25. Bc1 Nd5 26. Nxd5 cxd5 27. Ra4 Bd7 28.
Ra2 Bb5 29. Nxb5 Rxb5 30. Ba3 Nc4 31. Qe2 e6 32. h5 Nxa3 33. Rxa3 Qxc5 34. hxg6
hxg6 35. Ra4 Rdb8 36. e4 Rb2 37. Qf3 R2b3 38. Qf4 e5 39. Qg4 d4 40. Raa1 Rd8
41. Qg5 Qd6 42. Rfd1 d3 43. Bf1 Bf6 44. Qe3 Qd4 45. Qf3 Bg5 46. Ra5 Rd6 47. Ra2
Rf6 48. Qg2 d2 49. Be2 Rxf2 50. Qxf2 Be3 51. Qxe3 Qxe3+ 52. Kf1 Qxe4 53. Raxd2
Qh1+ 54. Kf2 Qh2+ 55. Ke1 Qxg3+ 56. Kf1 Qh3+ 57. Ke1 Qh4+ 58. Kf1 Rh3 59. Rd3
Rh1+ 60. Kg2 Rh2+ 0-1

[Event "SWE-chB"]
[Site "Sunne"]
[Date "2015.07.18"]
[Round "8.3"]
[White "Arman, Deniz"]
[Black "Olund, Joar"]
[Result "1/2-1/2"]
[WhiteElo "2306"]
[BlackElo "2328"]
[PlyCount "181"]
[EventDate "2015.07.11"]
[EventType "tourn"]
[EventRounds "9"]
[EventCountry "SWE"]
[EventCategory "3"]
[SourceTitle "CBM 167 Extra"]
[Source "ChessBase"]
[SourceDate "2015.09.14"]
[SourceVersion "1"]
[SourceVersionDate "2015.09.14"]
[SourceQuality "1"]
1. e4 g6 2. d4 Bg7 3. Nf3 d6 4. Bc4 e6 5. Qe2 Ne7 6. c3 Nd7 7. O-O O-O 8. Rd1
d5 9. Bb3 dxe4 10. Qxe4 Nf6 11. Qe2 b6 12. Ne5 Bb7 13. Nd2 Nf5 14. Ndf3 Bd5 15.
Ba4 a6 16. Bg5 b5 17. Bc2 Rb8 18. a4 h6 19. Bf4 Nd6 20. axb5 axb5 21. Ra6 Qe8
22. Rda1 Bb7 23. Ra7 Nd5 24. Bd2 Ne7 25. Nd3 Nec8 26. R7a2 Bd5 27. b3 Ne4 28.
Be1 Ncd6 29. Ra7 Rb7 30. Nfe5 f6 31. Ng4 h5 32. Ne3 f5 33. f3 Nf6 34. Nc5 Rxa7
35. Rxa7 Qb8 36. Ra1 Re8 37. Nxd5 Nxd5 38. Nd7 Qc8 39. Ne5 c5 40. Qd2 b4 41.
Qg5 Qd8 42. Qxd8 Rxd8 43. Nc6 Rc8 44. dxc5 Rxc6 45. cxd6 Rxd6 46. Ra8+ Kf7 47.
c4 Bd4+ 48. Kh1 Nc3 49. g3 g5 50. Kg2 g4 51. Bd2 Bf6 52. Be1 Rd7 53. fxg4 hxg4
54. h3 gxh3+ 55. Kxh3 Bd4 56. Rb8 Bc5 57. Rc8 Be3 58. c5 Rd5 59. c6 Rc5 60. Bd3
Nd5 61. c7 Rxc7 62. Rxc7+ Nxc7 63. Bxb4 Nd5 64. Bd6 Bd2 65. Bc4 Bb4 66. Be5 Ne3
67. Be2 Ke7 68. Bf3 Bd6 69. Bd4 Nc2 70. Bc3 e5 71. Bd1 Ne3 72. Be2 Nd5 73. Bd2
e4 74. Bc4 e3 75. Bc1 Nf6 76. Bxe3 Nh5 77. Bf2 Nf6 78. Bd3 Ke6 79. Be3 Nh5 80.
Bc4+ Ke5 81. Bf2 Ke4 82. Be2 Nf6 83. Kg2 Bb4 84. Bf3+ Kd3 85. Bc6 Kc2 86. Ba4
Ne4 87. Be3 Nf6 88. Kf3 Ne4 89. g4 Nd2+ 90. Bxd2 fxg4+ 91. Kxg4 1/2-1/2

[Event "SWE-chB"]
[Site "Sunne"]
[Date "2015.07.18"]
[Round "8.2"]
[White "Wiedenkeller, Michael"]
[Black "Lundin, Jan"]
[Result "0-1"]
[WhiteElo "2461"]
[BlackElo "2245"]
[PlyCount "78"]
[EventDate "2015.07.11"]
[EventType "tourn"]
[EventRounds "9"]
[EventCountry "SWE"]
[EventCategory "3"]
[SourceTitle "CBM 167 Extra"]
[Source "ChessBase"]
[SourceDate "2015.09.14"]
[SourceVersion "1"]
[SourceVersionDate "2015.09.14"]
[SourceQuality "1"]
1. d4 d5 2. c4 dxc4 3. e4 e5 4. Nf3 exd4 5. Bxc4 Nc6 6. O-O Be6 7. Bxe6 fxe6 8.
Qb3 Qd7 9. Qxb7 Rb8 10. Qa6 Nf6 11. Nbd2 Bd6 12. Qd3 O-O 13. h3 Nh5 14. Nc4 e5
15. Bd2 Kh8 16. Rac1 Qe8 17. a3 a5 18. Qc2 Nd8 19. Nh4 Ne6 20. g3 a4 21. Nxd6
cxd6 22. Bb4 Rb6 23. Qe2 g6 24. Kh2 Qd7 25. Qg4 Nf6 26. Qe2 Ng5 27. g4 Nh5 28.
Qc4 Nf4 29. Qc7 Qxc7 30. Rxc7 Nxe4 31. Nf3 Nd5 32. Rd7 Nxb4 33. axb4 Rxf3 34.
Rc1 Rxf2+ 35. Kg1 Rf8 36. Rcc7 Nf6 37. Rg7 g5 38. h4 d3 39. hxg5 d2 0-1

[Event "SWE-chB"]
[Site "Sunne"]
[Date "2015.07.17"]
[Round "7.4"]
[White "Lind, Jan Olov"]
[Black "Arman, Deniz"]
[Result "0-1"]
[WhiteElo "2249"]
[BlackElo "2306"]
[PlyCount "88"]
[EventDate "2015.07.11"]
[EventType "tourn"]
[EventRounds "9"]
[EventCountry "SWE"]
[EventCategory "3"]
[SourceTitle "CBM 167 Extra"]
[Source "ChessBase"]
[SourceDate "2015.09.14"]
[SourceVersion "1"]
[SourceVersionDate "2015.09.14"]
[SourceQuality "1"]
1. e4 c5 2. Nf3 d6 3. d3 g6 4. g3 Bg7 5. Bg2 Nc6 6. O-O Nf6 7. Re1 O-O 8. c3 e5
9. a3 d5 10. Nbd2 dxe4 11. dxe4 Be6 12. b4 Qc7 13. Bb2 Rfd8 14. Qe2 a6 15. Rac1
h6 16. Ba1 Nd7 17. a4 Rac8 18. b5 Na5 19. c4 Nb6 20. Rc3 Ra8 21. Rb1 Nxa4 22.
Ra3 axb5 23. Rxb5 Nc6 24. Qe3 Nb4 25. Qb3 Nb6 26. Rxa8 Nxa8 27. Bf1 Bd7 28.
Rxb4 cxb4 29. Qxb4 Bc6 30. Qb2 Nb6 31. c5 Nd7 32. Qb4 Bf8 33. Nb3 Re8 34. Bd3
Qd8 35. Qc3 Qe7 36. Bb2 Qe6 37. Bc1 Qg4 38. Bc2 Bxe4 39. Bxe4 Qxe4 40. Bb2 Qd5
41. Nfd2 Nxc5 42. Qa5 Qc6 43. Nxc5 Bxc5 44. Qa1 Bd4 0-1

[Event "SWE-chB"]
[Site "Sunne"]
[Date "2015.07.17"]
[Round "7.3"]
[White "Lundin, Jan"]
[Black "Andersson, Tommy"]
[Result "1/2-1/2"]
[WhiteElo "2245"]
[BlackElo "2387"]
[PlyCount "131"]
[EventDate "2015.07.11"]
[EventType "tourn"]
[EventRounds "9"]
[EventCountry "SWE"]
[EventCategory "3"]
[SourceTitle "CBM 167 Extra"]
[Source "ChessBase"]
[SourceDate "2015.09.14"]
[SourceVersion "1"]
[SourceVersionDate "2015.09.14"]
[SourceQuality "1"]
1. e4 c5 2. Nc3 d6 3. f4 Nc6 4. Bb5 Bd7 5. Bxc6 Bxc6 6. d3 e6 7. Nh3 Nf6 8. Qe2
Be7 9. Bd2 b5 10. Nd1 O-O 11. Ne3 d5 12. e5 d4 13. Nf1 Nd5 14. Ng3 c4 15. O-O
c3 16. bxc3 dxc3 17. Bc1 Bc5+ 18. Kh1 Qh4 19. Ne4 Be7 20. f5 exf5 21. Rxf5 Bd7
22. Bg5 Bxg5 23. Rxg5 f6 24. exf6 Bxh3 25. fxg7 Rf5 26. gxh3 Nf4 27. Qg4 Qxg4
28. Rxg4 Nxh3 29. Rg3 Nf2+ 30. Kg2 Nxe4 31. dxe4 Rc5 32. Rd1 Rc7 33. Rd5 a6 34.
Kf3 Rxg7 35. a3 Rc8 36. Ke3 Rxg3+ 37. hxg3 Rc4 38. Rd4 Rc6 39. e5 Kf7 40. Rd7+
Ke6 41. Rxh7 Rc4 42. Rh4 Rc8 43. Kd4 Rc4+ 44. Kd3 Rc8 45. Rh6+ Kxe5 46. Rxa6
Kd5 47. Rg6 Ra8 48. Rg5+ Kc6 49. Kxc3 Rxa3+ 50. Kb4 Ra4+ 51. Kb3 Re4 52. Rg8
Re3+ 53. Kb4 Re4+ 54. Kc3 Kd6 55. Rd8+ Kc5 56. Rd3 b4+ 57. Kd2 Rg4 58. Ke2 Rc4
59. Rd2 Rc3 60. Kf2 Kc4 61. g4 Ra3 62. Rd8 Rc3 63. Rd2 Ra3 64. Rd8 Rc3 65. Rd2
Ra3 66. Rd8 1/2-1/2

[Event "SWE-chB"]
[Site "Sunne"]
[Date "2015.07.17"]
[Round "7.1"]
[White "Wiedenkeller, Michael"]
[Black "Lindgren, Philip"]
[Result "1/2-1/2"]
[WhiteElo "2461"]
[BlackElo "2413"]
[PlyCount "118"]
[EventDate "2015.07.11"]
[EventType "tourn"]
[EventRounds "9"]
[EventCountry "SWE"]
[EventCategory "3"]
[SourceTitle "CBM 167 Extra"]
[Source "ChessBase"]
[SourceDate "2015.09.14"]
[SourceVersion "1"]
[SourceVersionDate "2015.09.14"]
[SourceQuality "1"]
1. d4 d5 2. c4 c6 3. Nf3 Nf6 4. e3 Bg4 5. Qb3 Qc7 6. Nc3 e6 7. Bd2 Nbd7 8. Rc1
Rc8 9. Be2 Be7 10. h3 Bh5 11. cxd5 Nxd5 12. O-O O-O 13. Rfd1 Rfd8 14. a3 Qb8
15. Qa2 Nxc3 16. Bxc3 Nf6 17. b4 a6 18. Be1 Nd5 19. Ne5 Bxe2 20. Qxe2 Bd6 21.
Nd3 Re8 22. e4 Nf4 23. Nxf4 Bxf4 24. Rc3 Rcd8 25. Qg4 Bd6 26. Bd2 Bf8 27. Bg5
Rd7 28. h4 a5 29. Bf6 axb4 30. axb4 g6 31. h5 Qd6 32. Rc5 Bg7 33. e5 Qf8 34.
Bh4 Ra8 35. hxg6 hxg6 36. b5 cxb5 37. Rxb5 Ra4 38. Qe4 Qc8 39. Bf6 Qc6 40. Qxc6
bxc6 41. Rb8+ Kh7 42. Bxg7 Kxg7 43. Rc8 Rdxd4 44. Rxd4 Rxd4 45. Rxc6 g5 46. Rc3
Kg6 47. Kh2 Re4 48. Rc5 Rf4 49. Kg3 Kf5 50. f3 Rd4 51. Rc7 Kg6 52. Rc5 Rf4 53.
Ra5 Rf5 54. Kf2 g4 55. Kg3 gxf3 56. gxf3 f6 57. f4 fxe5 58. Rxe5 Rxe5 59. fxe5
Kf5 1/2-1/2

[Event "SWE-chB"]
[Site "Sunne"]
[Date "2015.07.17"]
[Round "7.5"]
[White "Ziegler, Ari"]
[Black "Rydstrom, Tom"]
[Result "0-1"]
[WhiteElo "2289"]
[BlackElo "2346"]
[PlyCount "202"]
[EventDate "2015.07.11"]
[EventType "tourn"]
[EventRounds "9"]
[EventCountry "SWE"]
[EventCategory "3"]
[SourceTitle "CBM 167 Extra"]
[Source "ChessBase"]
[SourceDate "2015.09.14"]
[SourceVersion "1"]
[SourceVersionDate "2015.09.14"]
[SourceQuality "1"]
1. e4 e5 2. Nf3 Nc6 3. Bb5 a6 4. Ba4 Nf6 5. O-O Be7 6. Re1 b5 7. Bb3 d6 8. c3
O-O 9. h3 Na5 10. Bc2 c5 11. d4 cxd4 12. cxd4 Qc7 13. Nbd2 Nc6 14. d5 Nb4 15.
Bb1 a5 16. Nf1 Bd7 17. Bd2 Na6 18. N3h2 Nc5 19. Ng4 Kh8 20. Ng3 Rac8 21. Nxf6
Bxf6 22. Qf3 b4 23. Bh6 Be7 24. Nf5 Bf6 25. Be3 Bxf5 26. Qxf5 Qd7 27. Qf3 Rc7
28. g4 Qe7 29. Kg2 Bg5 30. Bc2 Rfc8 31. h4 Bxe3 32. Rxe3 Nd7 33. Ba4 Qf6 34.
Bxd7 Qxf3+ 35. Kxf3 Rxd7 36. a3 Rb7 37. Rb3 Kg8 38. axb4 axb4 39. Ra6 Rd8 40.
g5 Kf8 41. h5 Ke7 42. Rc6 g6 43. hxg6 hxg6 44. Rc4 Rdb8 45. Ke2 f6 46. gxf6+
Kxf6 47. Rc6 Rd7 48. Kd2 Kg5 49. Rf3 Rdd8 50. Rc1 Rf8 51. Rg3+ Kh6 52. Ke3 Rbc8
53. Rgg1 Ra8 54. Rc4 Rab8 55. f3 Rf4 56. Rc6 Rf6 57. Rc7 Rbf8 58. Rg3 Rb8 59.
Rh3+ Kg5 60. Rch7 Rff8 61. Rg3+ Kf6 62. Rg1 Rh8 63. Rd7 Rb6 64. Rg2 Rh1 65. Rc2
Re1+ 66. Kf2 Rb1 67. Kg3 Rg1+ 68. Rg2 Rc1 69. Rd8 b3 70. Re8 Rc2 71. Re6+ Kg5
72. Rf2 Ra6 73. f4+ exf4+ 74. Rxf4 Rg2+ 75. Kxg2 Kxf4 76. e5 Ra2 77. exd6 Rxb2+
78. Kh3 Rd2 79. Rxg6 Rxd5 80. Rg4+ Ke5 81. Rg3 b2 82. Rb3 Rd3+ 83. Rxd3 b1=Q
84. Rf3 Kxd6 85. Kg2 Ke5 86. Rf2 Qg6+ 87. Kh1 Kd4 88. Rg2 Qe4 89. Kh2 Ke3 90.
Kg1 Qb1+ 91. Kh2 Qb8+ 92. Kg1 Qb1+ 93. Kh2 Qh7+ 94. Kg1 Qh4 95. Rg7 Qe1+ 96.
Kh2 Qh4+ 97. Kg1 Ke2 98. Rg2+ Kf3 99. Rg8 Qe1+ 100. Kh2 Qe5+ 101. Kh1 Qa1+ 0-1

[Event "SWE-chB"]
[Site "Sunne"]
[Date "2015.07.17"]
[Round "7.2"]
[White "Olund, Joar"]
[Black "Frisk, Ellinor"]
[Result "0-1"]
[WhiteElo "2328"]
[BlackElo "2232"]
[PlyCount "88"]
[EventDate "2015.07.11"]
[EventType "tourn"]
[EventRounds "9"]
[EventCountry "SWE"]
[EventCategory "3"]
[SourceTitle "CBM 167 Extra"]
[Source "ChessBase"]
[SourceDate "2015.09.14"]
[SourceVersion "1"]
[SourceVersionDate "2015.09.14"]
[SourceQuality "1"]
1. d4 Nf6 2. Bg5 d5 3. Bxf6 exf6 4. e3 Bd6 5. c4 dxc4 6. Bxc4 Nd7 7. Nc3 O-O 8.
Nf3 f5 9. O-O Nf6 10. Qc2 c6 11. Rfd1 Qe7 12. Bf1 g6 13. g3 Bd7 14. Bg2 Rfd8
15. a4 a5 16. d5 Nxd5 17. Nxd5 cxd5 18. Nd4 Rac8 19. Qb3 Be6 20. Rac1 Bc5 21.
Qb5 Qc7 22. Rc3 b6 23. Ne2 g5 24. h4 h6 25. hxg5 hxg5 26. Nd4 Qd6 27. Qd3 Qd7
28. g4 Bxd4 29. Qxd4 fxg4 30. Qf6 Qxa4 31. Rd4 Qe8 32. Rxc8 Rxc8 33. Qxg5+ Kf8
34. Bxd5 Bxd5 35. Qh6+ Ke7 36. Rxd5 Qc6 37. Qh4+ Ke6 38. e4 Qc1+ 39. Kg2 Qf4
40. Rd4 Qf3+ 41. Kh2 g3+ 42. fxg3 Qf2+ 43. Kh3 Qf1+ 44. Kg4 Rg8+ 0-1